Year, Team | Player |
1984-1985, 2nd Team | Michael Jordan | | 98.8% | 1986-1987, 1st Team | Michael Jordan | | 98.8% | 1987-1988, 1st Team | Michael Jordan | | 98.8% | 1988-1989, 1st Team | Michael Jordan | | 98.8% | 1989-1990, 1st Team | Michael Jordan | | 98.8% | 1990-1991, 1st Team | Michael Jordan | | 98.8% | 1991-1992, 1st Team | Michael Jordan | | 98.8% | 1992-1993, 1st Team | Michael Jordan | | 98.8% | 1995-1996, 1st Team | Michael Jordan | | 98.8% | 1996-1997, 1st Team | Michael Jordan | | 98.8% | 1997-1998, 1st Team | Michael Jordan | | 98.8% | 1984-1985, 1st Team | Magic Johnson | | 98% | 1985-1986, 1st Team | Magic Johnson | | 98% | 1986-1987, 1st Team | Magic Johnson | | 98% | 1987-1988, 1st Team | Magic Johnson | | 98% | 1988-1989, 1st Team | Magic Johnson | | 98% | 1989-1990, 1st Team | Magic Johnson | | 98% | 1990-1991, 1st Team | Magic Johnson | | 98% | 1988-1989, 2nd Team | Kevin Johnson | | 97.7% | 1989-1990, 2nd Team | Kevin Johnson | | 97.7% | 1990-1991, 2nd Team | Kevin Johnson | | 97.7% | 1993-1994, 2nd Team | Kevin Johnson | | 97.7% | 1992-1993, 2nd Team | Larry Johnson | | 97.7% | 1999-2000, 2nd Team | Kobe Bryant | | 97.6% | 2000-2001, 2nd Team | Kobe Bryant | | 97.6% | 2001-2002, 1st Team | Kobe Bryant | | 97.6% | 2002-2003, 1st Team | Kobe Bryant | | 97.6% | 2003-2004, 1st Team | Kobe Bryant | | 97.6% | 2005-2006, 1st Team | Kobe Bryant | | 97.6% | 2006-2007, 1st Team | Kobe Bryant | | 97.6% | 2007-2008, 1st Team | Kobe Bryant | | 97.6% | 2008-2009, 1st Team | Kobe Bryant | | 97.6% | 2009-2010, 1st Team | Kobe Bryant | | 97.6% | 2010-2011, 1st Team | Kobe Bryant | | 97.6% | 1984-1985, 1st Team | Larry Bird | | 97.5% | 1985-1986, 1st Team | Larry Bird | | 97.5% | 1986-1987, 1st Team | Larry Bird | | 97.5% | 1987-1988, 1st Team | Larry Bird | | 97.5% | 1989-1990, 2nd Team | Larry Bird | | 97.5% | 1987-1988, 2nd Team | Karl Malone | | 97.1% | 1988-1989, 1st Team | Karl Malone | | 97.1% | 1989-1990, 1st Team | Karl Malone | | 97.1% | 1990-1991, 1st Team | Karl Malone | | 97.1% | 1991-1992, 1st Team | Karl Malone | | 97.1% | 1992-1993, 1st Team | Karl Malone | | 97.1% | 1993-1994, 1st Team | Karl Malone | | 97.1% | 1994-1995, 1st Team | Karl Malone | | 97.1% | 1995-1996, 1st Team | Karl Malone | | 97.1% | 1996-1997, 1st Team | Karl Malone | | 97.1% | 1997-1998, 1st Team | Karl Malone | | 97.1% | 1998-1999, 1st Team | Karl Malone | | 97.1% | 1999-2000, 2nd Team | Karl Malone | | 97.1% | 2004-2005, 2nd Team | LeBron James | | 97.1% | 2005-2006, 1st Team | LeBron James | | 97.1% | 2006-2007, 2nd Team | LeBron James | | 97.1% | 2007-2008, 1st Team | LeBron James | | 97.1% | 2008-2009, 1st Team | LeBron James | | 97.1% | 2009-2010, 1st Team | LeBron James | | 97.1% | 2010-2011, 1st Team | LeBron James | | 97.1% | 2001-2002, 1st Team | Shaquille O'Neal | | 97% | 2002-2003, 1st Team | Shaquille O'Neal | | 97% | 2003-2004, 1st Team | Shaquille O'Neal | | 97% | 2004-2005, 1st Team | Shaquille O'Neal | | 97% | 2005-2006, 1st Team | Shaquille O'Neal | | 97% | 2000-2001, 1st Team | Shaquille O'Neal | | 97% | 1998-1999, 2nd Team | Shaquille O'Neal | | 97% | 1997-1998, 1st Team | Shaquille O'Neal | | 97% | 1994-1995, 2nd Team | Shaquille O'Neal | | 97% | 1999-2000, 1st Team | Shaquille O'Neal | | 97% | 1984-1985, 1st Team | Moses Malone | | 97% | 1986-1987, 2nd Team | Moses Malone | | 97% | 2003-2004, 2nd Team | Jermaine O'Neal | | 96.8% | 2001-2002, 1st Team | Tim Duncan | | 96.5% | 2002-2003, 1st Team | Tim Duncan | | 96.5% | 2003-2004, 1st Team | Tim Duncan | | 96.5% | 2004-2005, 1st Team | Tim Duncan | | 96.5% | 2005-2006, 2nd Team | Tim Duncan | | 96.5% | 2006-2007, 1st Team | Tim Duncan | | 96.5% | 2007-2008, 2nd Team | Tim Duncan | | 96.5% | 1997-1998, 1st Team | Tim Duncan | | 96.5% | 1998-1999, 1st Team | Tim Duncan | | 96.5% | 1999-2000, 1st Team | Tim Duncan | | 96.5% | 2000-2001, 1st Team | Tim Duncan | | 96.5% | 2008-2009, 2nd Team | Tim Duncan | | 96.5% | 2004-2005, 2nd Team | Dwyane Wade | | 96.4% | 2005-2006, 2nd Team | Dwyane Wade | | 96.4% | 2008-2009, 1st Team | Dwyane Wade | | 96.4% | 2009-2010, 1st Team | Dwyane Wade | | 96.4% | 2010-2011, 2nd Team | Dwyane Wade | | 96.4% | 2001-2002, 2nd Team | Dirk Nowitzki | | 96% |
|
Year, Team | Player |
2002-2003, 2nd Team | Dirk Nowitzki | | 96% | 2004-2005, 1st Team | Dirk Nowitzki | | 96% | 2005-2006, 1st Team | Dirk Nowitzki | | 96% | 2006-2007, 1st Team | Dirk Nowitzki | | 96% | 2007-2008, 2nd Team | Dirk Nowitzki | | 96% | 2008-2009, 1st Team | Dirk Nowitzki | | 96% | 2009-2010, 2nd Team | Dirk Nowitzki | | 96% | 2010-2011, 2nd Team | Dirk Nowitzki | | 96% | 2004-2005, 1st Team | Steve Nash | | 95.8% | 2005-2006, 1st Team | Steve Nash | | 95.8% | 2006-2007, 1st Team | Steve Nash | | 95.8% | 2007-2008, 2nd Team | Steve Nash | | 95.8% | 2009-2010, 2nd Team | Steve Nash | | 95.8% | 1984-1985, 1st Team | Isiah Thomas | | 95.8% | 1985-1986, 1st Team | Isiah Thomas | | 95.8% | 1986-1987, 2nd Team | Isiah Thomas | | 95.7% | 1996-1997, 2nd Team | Patrick Ewing | | 95.7% | 1992-1993, 2nd Team | Patrick Ewing | | 95.7% | 1991-1992, 2nd Team | Patrick Ewing | | 95.7% | 1990-1991, 2nd Team | Patrick Ewing | | 95.7% | 1989-1990, 1st Team | Patrick Ewing | | 95.7% | 1988-1989, 2nd Team | Patrick Ewing | | 95.7% | 1987-1988, 2nd Team | Patrick Ewing | | 95.7% | 2009-2010, 1st Team | Kevin Durant | | 95.5% | 2010-2011, 1st Team | Kevin Durant | | 95.5% | 2001-2002, 2nd Team | Kevin Garnett | | 95.4% | 2002-2003, 1st Team | Kevin Garnett | | 95.4% | 2003-2004, 1st Team | Kevin Garnett | | 95.4% | 2004-2005, 2nd Team | Kevin Garnett | | 95.4% | 2007-2008, 1st Team | Kevin Garnett | | 95.4% | 2000-2001, 2nd Team | Kevin Garnett | | 95.4% | 1998-1999, 1st Team | Allen Iverson | | 95.2% | 1999-2000, 2nd Team | Allen Iverson | | 95.2% | 2000-2001, 1st Team | Allen Iverson | | 95.2% | 2001-2002, 2nd Team | Allen Iverson | | 95.2% | 2002-2003, 2nd Team | Allen Iverson | | 95.2% | 2004-2005, 1st Team | Allen Iverson | | 95.2% | 2007-2008, 1st Team | Dwight Howard | | 95.1% | 2008-2009, 1st Team | Dwight Howard | | 95.1% | 2009-2010, 1st Team | Dwight Howard | | 95.1% | 2010-2011, 1st Team | Dwight Howard | | 95.1% | 1985-1986, 2nd Team | Hakeem Olajuwon | | 95.1% | 1986-1987, 1st Team | Hakeem Olajuwon | | 95.1% | 1996-1997, 1st Team | Hakeem Olajuwon | | 95.1% | 1995-1996, 2nd Team | Hakeem Olajuwon | | 95.1% | 1993-1994, 1st Team | Hakeem Olajuwon | | 95.1% | 1992-1993, 1st Team | Hakeem Olajuwon | | 95.1% | 1989-1990, 2nd Team | Hakeem Olajuwon | | 95.1% | 1988-1989, 1st Team | Hakeem Olajuwon | | 95.1% | 1987-1988, 1st Team | Hakeem Olajuwon | | 95.1% | 1987-1988, 2nd Team | John Stockton | | 95% | 1988-1989, 2nd Team | John Stockton | | 95% | 1989-1990, 2nd Team | John Stockton | | 95% | 1991-1992, 2nd Team | John Stockton | | 95% | 1992-1993, 2nd Team | John Stockton | | 95% | 1993-1994, 1st Team | John Stockton | | 95% | 1994-1995, 1st Team | John Stockton | | 95% | 1995-1996, 2nd Team | John Stockton | | 95% | 1991-1992, 2nd Team | Scottie Pippen | | 94.3% | 1993-1994, 1st Team | Scottie Pippen | | 94.3% | 1994-1995, 1st Team | Scottie Pippen | | 94.3% | 1995-1996, 1st Team | Scottie Pippen | | 94.3% | 1996-1997, 2nd Team | Scottie Pippen | | 94.3% | 1997-1998, 2nd Team | David Robinson | | 94% | 1995-1996, 1st Team | David Robinson | | 94% | 1994-1995, 1st Team | David Robinson | | 94% | 1993-1994, 2nd Team | David Robinson | | 94% | 1991-1992, 1st Team | David Robinson | | 94% | 1990-1991, 1st Team | David Robinson | | 94% | 1998-1999, 1st Team | Jason Kidd | | 93.4% | 1999-2000, 1st Team | Jason Kidd | | 93.4% | 2000-2001, 1st Team | Jason Kidd | | 93.4% | 2001-2002, 1st Team | Jason Kidd | | 93.4% | 2002-2003, 2nd Team | Jason Kidd | | 93.4% | 2003-2004, 1st Team | Jason Kidd | | 93.4% | 2007-2008, 1st Team | Chris Paul | | 93.3% | 2008-2009, 2nd Team | Chris Paul | | 93.3% | 2010-2011, 1st Team | Derrick Rose | | 93.3% | 2008-2009, 2nd Team | Paul Pierce | | 92.9% | 2010-2011, 2nd Team | Russell Westbrook | | 92.5% | 2002-2003, 2nd Team | Ben Wallace | | 91.5% | 2003-2004, 2nd Team | Ben Wallace | | 91.5% | 1994-1995, 2nd Team | Gary Payton | | 91.4% | 1995-1996, 2nd Team | Gary Payton | | 91.4% | 1996-1997, 2nd Team | Gary Payton | | 91.4% | 1997-1998, 1st Team | Gary Payton | | 91.4% | 1998-1999, 2nd Team | Gary Payton | | 91.4% | 1999-2000, 1st Team | Gary Payton | | 91.4% | 2001-2002, 2nd Team | Gary Payton | | 91.4% | 2004-2005, 2nd Team | Amare Stoudemire | | 91.4% |
|
Year, Team | Player |
2006-2007, 1st Team | Amare Stoudemire | | 91.4% | 2007-2008, 2nd Team | Amare Stoudemire | | 91.4% | 2009-2010, 2nd Team | Amare Stoudemire | | 91.4% | 2010-2011, 2nd Team | Amare Stoudemire | | 91.4% | 1985-1986, 2nd Team | Charles Barkley | | 91.3% | 1986-1987, 2nd Team | Charles Barkley | | 91.3% | 1987-1988, 1st Team | Charles Barkley | | 91.3% | 1988-1989, 1st Team | Charles Barkley | | 91.3% | 1989-1990, 1st Team | Charles Barkley | | 91.3% | 1990-1991, 1st Team | Charles Barkley | | 91.3% | 1991-1992, 2nd Team | Charles Barkley | | 91.3% | 1992-1993, 1st Team | Charles Barkley | | 91.3% | 1993-1994, 2nd Team | Charles Barkley | | 91.3% | 1994-1995, 2nd Team | Charles Barkley | | 91.3% | 2009-2010, 2nd Team | Carmelo Anthony | | 91.3% | 1984-1985, 2nd Team | Kareem Abdul-Jabbar | | 91.2% | 1985-1986, 1st Team | Kareem Abdul-Jabbar | | 91.2% | 2005-2006, 2nd Team | Ben Wallace | | 91.2% | 2000-2001, 2nd Team | Tracy McGrady | | 90.9% | 2001-2002, 1st Team | Tracy McGrady | | 90.9% | 2002-2003, 1st Team | Tracy McGrady | | 90.9% | 2003-2004, 2nd Team | Tracy McGrady | | 90.9% | 2006-2007, 2nd Team | Tracy McGrady | | 90.9% | 2006-2007, 2nd Team | Yao Ming | | 90.6% | 2008-2009, 2nd Team | Yao Ming | | 90.6% | 2010-2011, 2nd Team | Pau Gasol | | 89.5% | 1985-1986, 1st Team | Dominique Wilkins | | 89.2% | 1986-1987, 2nd Team | Dominique Wilkins | | 89.2% | 1987-1988, 2nd Team | Dominique Wilkins | | 89.2% | 1990-1991, 2nd Team | Dominique Wilkins | | 89.2% | 1992-1993, 2nd Team | Dominique Wilkins | | 89.2% | 2001-2002, 2nd Team | Chris Webber | | 88.6% | 2002-2003, 2nd Team | Chris Webber | | 88.6% | 1998-1999, 2nd Team | Chris Webber | | 88.6% | 1999-2000, 1st Team | Chris Webber | | 88.6% | 2000-2001, 1st Team | Chris Webber | | 88.6% | 2000-2001, 2nd Team | Vince Carter | | 88.1% | 1987-1988, 2nd Team | Clyde Drexler | | 87.4% | 1990-1991, 2nd Team | Clyde Drexler | | 87.4% | 1991-1992, 1st Team | Clyde Drexler | | 87.4% | 2006-2007, 2nd Team | Gilbert Arenas | | 87.2% | 2007-2008, 2nd Team | Deron Williams | | 87.1% | 2009-2010, 2nd Team | Deron Williams | | 87.1% | 2004-2005, 2nd Team | Ray Allen | | 87.1% | 1991-1992, 2nd Team | Tim Hardaway | | 86.7% | 1996-1997, 1st Team | Tim Hardaway | | 86.7% | 1997-1998, 2nd Team | Tim Hardaway | | 86.7% | 1998-1999, 2nd Team | Tim Hardaway | | 86.7% | 1994-1995, 1st Team | Afernee Hardaway | | 86.5% | 1995-1996, 1st Team | Afernee Hardaway | | 86.5% | 2005-2006, 2nd Team | Chauncey Billups | | 86.5% | 2006-2007, 2nd Team | Chris Bosh | | 84.7% | 1999-2000, 2nd Team | Alonzo Mourning | | 84% | 1998-1999, 1st Team | Alonzo Mourning | | 84% | 1993-1994, 2nd Team | Shawn Kemp | | 83.5% | 1994-1995, 2nd Team | Shawn Kemp | | 83.5% | 1995-1996, 2nd Team | Shawn Kemp | | 83.5% | 1986-1987, 1st Team | Kevin McHale | | 82.6% | 2008-2009, 2nd Team | Brandon Roy | | 80.9% | 2000-2001, 2nd Team | Dikembe Mutombo | | 77.5% | 1992-1993, 2nd Team | Joe Dumars | | 76.8% | 1988-1989, 2nd Team | Chris Mullin | | 75% | 1990-1991, 2nd Team | Chris Mullin | | 75% | 1991-1992, 1st Team | Chris Mullin | | 75% | 1995-1996, 2nd Team | Grant Hill | | 73.6% | 1996-1997, 1st Team | Grant Hill | | 73.6% | 1997-1998, 2nd Team | Grant Hill | | 73.6% | 1998-1999, 2nd Team | Grant Hill | | 73.6% | 1999-2000, 2nd Team | Grant Hill | | 73.6% | 2005-2006, 2nd Team | Elton Brand | | 71.1% | 1985-1986, 2nd Team | Alex English | | 69.6% | 2003-2004, 2nd Team | Peja Stojakovic | | 65% | 1992-1993, 1st Team | Mark Price | | 64.8% | 1993-1994, 2nd Team | Mitch Richmond | | 62.5% | 1994-1995, 2nd Team | Mitch Richmond | | 62.5% | 1996-1997, 2nd Team | Mitch Richmond | | 62.5% | 2003-2004, 2nd Team | Sam Cassell | | 58.6% | 1984-1985, 1st Team | Bernard King | | 57.1% | 1993-1994, 1st Team | Latrell Sprewell | | 49.6% | 1996-1997, 2nd Team | Glen Rice | | 49.1% | 1984-1985, 2nd Team | Ralph Sampson | | 48.4% | 1988-1989, 2nd Team | Tom Chambers | | 46.4% | 1989-1990, 2nd Team | Tom Chambers | | 46.4% | 1985-1986, 2nd Team | Alvin Robertson | | 43.5% | 1984-1985, 2nd Team | Sidney Moncrief | | 41.6% | 1985-1986, 2nd Team | Sidney Moncrief | | 41.6% | 1986-1987, 2nd Team | Fat Lever | | 27.9% | 1997-1998, 2nd Team | Vin Baker | | 27.2% | 1997-1998, 2nd Team | Rod Strickland | | 26.9% | 1984-1985, 2nd Team | Terry Cummings | | 25.5% |
|
Comments